000 00210 a2200097 4500
001 46598
100 _aAzhar, Zamir
245 _aFarthi Aqeedat
260 _aRawalpindi
_bHareem Adab
_c
090 _c29709
_d29709
942 _aNUST-CAE
_cM
_c21901
999 _c281671
_d281671